000
00249nam a2200097Ia 4500
082
_a
658 JACO
245
0
_a
Intercultural management
100
_a
JACOB, Nina London, 2003
_9
93857
942
_c
BK
008
210817s9999 xx 000 0 und d
999
_c
383849
_d
383848